| 000 | 00000nam##2200000za#4500 |
| 001 | 9.642908 |
| 003 | CaOODSP |
| 005 | 20210624223927 |
| 007 | cr ||||||||||| |
| 008 | 150407|2004||||xxc|||||o f|0| 0 fre|d |
| 040 | |aCaOODSP|bfre |
| 043 | |an-cn--- |
| 086 | 1 |aCW66-375/2004F-PDF |
| 110 | 1 |aCanada. |bEnvironnement Canada. |
| 245 | 10|aLes dons écologiques - portrait de donateurs : |h[ressource électronique]|bLorne et Rhoda Almack - une servitude de conservation à la moraine d'Oak Ridges |
| 260 | |aOttawa - Ontario : |bEnvironnement Canada |c[2004]. |
| 300 | |a1p.|bphotographies |
| 590 | |a14-08-Supp|b2014-04-10 |
| 691 | 07|aConservation de l'environnement|2gcpds |
| 691 | 07|aDon|2gcpds |
| 775 | 08|tEcological gifts - donor profile : |w(CaOODSP)9.698888 |
| 856 | 40|ahttp://publications.gc.ca|qPDF|s90 Ko|uhttps://publications.gc.ca/collections/collection_2014/ec/CW66-375-2004-fra.pdf |